000 00397 a2200121 4500
001 ART_5721
005 20260410161828.0
008 260409a
245 1 0 _aAlternativas simuladas de liberación del mercado agropecuario mundial
100 1 _aRomanelli, Rodolfo
700 1 _aLiboreiro, Ernesto
773 0 _tEstudios Económicos
_g- Vol. 18, Nº 38 (jul./dic. 2001)
_wREV5080
999 _c22957
_d22957